• 首页
  • 本馆介绍
  • 公告通知
  • 最新文献
  • 馆藏检索
  • 电子资源
  • 读者导购
  • 参考咨询
  • 我的图书馆
  • 登录
  • 详细信息显示
  • 放入我的书架
  • 预约/预借图书
  • 作者相关作品
  • 分类相关作品
  • 丛书相关作品
  • 出版社相关作品

书目信息

  • 表格格式
  • 工作单格式
  • 卡片格式
题名:
台湾海疆史研究
    
 
作者: 陈在正 著
分册:  
出版信息: 厦门   厦门大学出版社  2002
页数: 284页
开本: 20cm
丛书名: 厦门大学南强丛书
单 册:
中图分类: K928.19
科图分类:
主题词: 海疆--历史--研究--台湾
电子资源:
ISBN: 7-5615-1721-1
000 00629nam2 2200217 45
001 0401051558
005 20040108092411.5
010    @a7-5615-1721-1@dCNY18.00
100    @a20040105d2002 km y0chiy0120 ea
101 0  @achi
105    @a z 000yy
200 1  @a台湾海疆史研究@ATai Wan Hai Jiang Shi Yan Jiu@f陈在正著@FChen Zai Zheng Zhu
210    @a厦门@c厦门大学出版社@d2002
215    @a284页@d20cm
225    @a厦门大学南强丛书
410    @12001 @a厦门大学南强丛书
606 0  @a海疆@x历史@x研究@y台湾
690    @aK928.19@v4
701  0 @a陈在正@4著
801    @aCN@bTSTC@c20040105
905    @b330952-956@dK928.19@e268@f5
    
    台湾海疆史研究/陈在正著.-厦门:厦门大学出版社,2002
    284页;20cm.-(厦门大学南强丛书)
    
    
    ISBN 7-5615-1721-1:CNY18.00
    
●
相关链接 在E读中查询图书 在五车中查询图书 在当当中查询图书 在豆瓣中查询图书


正题名:台湾海疆史研究     索取号:K928.19/268         预约/预借

序号 登录号 条形码 馆藏地/架位号 状态 备注
1 0330952   203309525   第二借阅区/ [索取号:K928.19/268] 在馆    
2 0330953   203309534   第二借阅区/ [索取号:K928.19/268] 在馆    
3 0330954   203309543   第二借阅区/ [索取号:K928.19/268] 在馆    
4 0330955   203309552   第二借阅区/ [索取号:K928.19/268] 在馆    
5 0330956   203309561   第二样本阅览室/ [索取号:K928.19/268] 在馆    
唐山师范学院图书馆 欢迎您!
大连网信软件有限公司© 版权所有